Journal of Planning and Environment Law (Record no. 103273)
[ view plain ]
| 000 -LEADER | |
|---|---|
| fixed length control field | 01679cam a2200445 4500 |
| 001 - CONTROL NUMBER | |
| control field | J124735 |
| 008 - FIXED-LENGTH DATA ELEMENTS--GENERAL INFORMATION | |
| fixed length control field | 040107n2001 000 0 eng u |
| 035 ## - SYSTEM CONTROL NUMBER | |
| System control number | (Sirsi) u124735 |
| 041 ## - LANGUAGE CODE | |
| Language code of text/sound track or separate title | eng |
| 050 ## - LIBRARY OF CONGRESS CALL NUMBER | |
| Classification number | 711.026 |
| -- | 18 |
| 110 ## - MAIN ENTRY--CORPORATE NAME | |
| Corporate name or jurisdiction name as entry element | General Council of the Bar |
| 9 (RLIN) | 691 |
| 245 ## - TITLE STATEMENT | |
| Title | Journal of Planning and Environment Law |
| Remainder of title | planning law - the Cappuccino Years |
| 260 ## - PUBLICATION, DISTRIBUTION, ETC. | |
| Place of publication, distribution, etc. | London |
| Name of publisher, distributor, etc. | Sweet and Maxwell |
| Date of publication, distribution, etc. | 2001 |
| 300 ## - PHYSICAL DESCRIPTION | |
| Extent | 100p, |
| Dimensions | 25cm. |
| 490 ## - SERIES STATEMENT | |
| Series statement | Journal of Planning and Environment Law |
| 505 ## - FORMATTED CONTENTS NOTE | |
| Formatted contents note | Development and democracy: the place of human rights in our planning system after Alconbury |
| 505 ## - FORMATTED CONTENTS NOTE | |
| Formatted contents note | The inspectorate, new procedures: now and the future |
| 505 ## - FORMATTED CONTENTS NOTE | |
| Formatted contents note | Planning obligations - where are we now? |
| 505 ## - FORMATTED CONTENTS NOTE | |
| Formatted contents note | Too much or too little - water management and the land use planning system |
| 505 ## - FORMATTED CONTENTS NOTE | |
| Formatted contents note | Housing is not a disease: reflections on PPG 3 and regional guidance |
| 505 ## - FORMATTED CONTENTS NOTE | |
| Formatted contents note | Urban design - the new agenda in practice |
| 520 ## - SUMMARY, ETC. | |
| Summary, etc. | Papers from a conference held at New College, Oxford 14-16 September 2001 |
| 650 ## - SUBJECT ADDED ENTRY--TOPICAL TERM | |
| Topical term or geographic name entry element | ENVIRONMENT LAW |
| 650 ## - SUBJECT ADDED ENTRY--TOPICAL TERM | |
| Topical term or geographic name entry element | WATER MANAGEMENT |
| 650 ## - SUBJECT ADDED ENTRY--TOPICAL TERM | |
| Topical term or geographic name entry element | HOUSING |
| 650 ## - SUBJECT ADDED ENTRY--TOPICAL TERM | |
| Topical term or geographic name entry element | URBAN DESIGN |
| 650 ## - SUBJECT ADDED ENTRY--TOPICAL TERM | |
| Topical term or geographic name entry element | PPG 3 |
| 650 ## - SUBJECT ADDED ENTRY--TOPICAL TERM | |
| Topical term or geographic name entry element | R V SOS ENVIRONMENT, TRANSPORT AND THE REGIONS EX P ALCONBURY DEVELOPMENTS |
| 690 ## - LOCAL SUBJECT ADDED ENTRY--TOPICAL TERM (OCLC, RLIN) | |
| Topical term or geographic name as entry element | PLANNING - PLANNING LAW |
| 700 ## - ADDED ENTRY--PERSONAL NAME | |
| Personal name | Lindblom, Keith |
| 700 ## - ADDED ENTRY--PERSONAL NAME | |
| Personal name | Hanchet, David |
| 700 ## - ADDED ENTRY--PERSONAL NAME | |
| Personal name | Cunliffe, Michael |
| 700 ## - ADDED ENTRY--PERSONAL NAME | |
| Personal name | Tromans, Stephen |
| 700 ## - ADDED ENTRY--PERSONAL NAME | |
| Personal name | Breheny, Michael |
| 700 ## - ADDED ENTRY--PERSONAL NAME | |
| Personal name | Crookston, Martin |
| 700 ## - ADDED ENTRY--PERSONAL NAME | |
| Personal name | Hanchet, David |
| 710 ## - ADDED ENTRY--CORPORATE NAME | |
| Corporate name or jurisdiction name as entry element | Law Society of England and Wales |
| 9 (RLIN) | 1639 |
| 710 ## - ADDED ENTRY--CORPORATE NAME | |
| Corporate name or jurisdiction name as entry element | Royal Institution of Chartered Surveyors |
| 9 (RLIN) | 4900 |
| 942 ## - ADDED ENTRY ELEMENTS (KOHA) | |
| Suppress in OPAC | 0 |
| Withdrawn status | Lost status | Source of classification or shelving scheme | Damaged status | Not for loan | Home library | Current library | Shelving location | Date acquired | Total Checkouts | Full call number | Barcode | Date last seen | Copy number | Price effective from | Koha item type |
|---|---|---|---|---|---|---|---|---|---|---|---|---|---|---|---|
| Dewey Decimal Classification | London | London | Basement | 15/01/2004 | BASEMENT | 30068980 | 06/08/2019 | 1 | 06/08/2019 | Book |